000 01028nas a2200313 4500
001 BR2020000835
003 BR-BrBNA
005 20231205132117.0
007 ta
008 230509b bl.|||p| |||| 00| 00por d
040 _aBR-BrBNA
_bpor
_cBiblioteca Nacional de Agricultura
041 _a(Pt)
072 _aU40
100 1 _aMarchesan, J.
100 1 _aPedrali, L.D.
100 1 _aTramontina, J.
100 1 _aAlba, E.
100 1 _aMello, E.P.
100 1 _aPereira, R.S.
245 1 _aAnálise da relação entre a evolução florestal e a declividade utilizando imagens Landsat
650 _aFLORESTA
650 _aSENSORIAMENTO REMOTO
650 _aUSO DA TERRA
773 0 _tNativa. Pesquisas Agrárias e Ambientais (Brazil)
_xISSN 2318-7670
_g(Jan-Feb 2016), v. 4(1) p. 53-57
_wBR2020000835
856 4 0 _uhttps://periodicoscientificos.ufmt.br/ojs/index.php/nativa/article/view/3247/pdf
856 4 0 _dLink DSPACE/MAPA BR2020000835
909 _a202311
_bLúcia
_c55
_dLúcia Elande
942 _2AGRIS
_n0
_cANA
999 _c258523
_d258523